[Event "ch-Moscow KO"]
[Site "Moscow RUS"]
[Date "2010.03.25"]
[Round "1.1"]
[White "Pustovoitova,D"]
[Black "Chadaev,N"]
[Result "0-1"]
[WhiteElo "2352"]
[BlackElo "2565"]

1.e4 g6 2.d4 Bg7 3.Nc3 d6 4.f4 Nf6 5.Nf3 c5 6.dxc5 Qa5 7.Qd3 Qxc5 8.Be3 Qa5
9.Qb5+ Qxb5 10.Nxb5 Na6 11.Bd3 b6 12.e5 dxe5 13.fxe5 Ng4 14.Be4 Nxe3 15.Ke2 Bd7
16.Kxe3 Rc8 17.a4 Nc5 18.Bd3 Nxd3 19.cxd3 Rc2 20.Nfd4 Rxg2 21.a5 bxa5 22.Nc7+ Kf8
23.Rxa5 Bh6+ 24.Kf3 Rd2 25.Rxa7 Rxd3+ 26.Ke4 Re3+ 27.Kd5 Bh3 28.Rg1 Kg7 29.Nc6 Re2
30.Rg3 Bg2+ 31.Rxg2 Rxg2 32.b4 Rxh2 33.Nxe7 Rd8+ 34.Kc4 Kh8 35.Nc6 Rf8 36.b5 Be3
37.Ra3 Bg1 38.Rg3 Rh4+ 39.Kd5 Bb6 40.Kd6 Rh1 41.Nd5 Rd1 42.Ra3 h5 43.Ra6 h4
44.Ne7 Rd8+ 45.Kc6 Bf2 46.Ra3 Rc1+ 47.Kb7 Bc5  0-1

[Event "26th Budapest Spring Festival"]
[Site "Budapest HUN"]
[Date "2010.03.27"]
[Round "8"]
[White "Arsenault,N"]
[Black "Steffens,O"]
[Result "1/2-1/2"]
[WhiteElo "2153"]
[BlackElo "2250"]

1.e4 g6 2.d4 Bg7 3.Nc3 d6 4.Be3 a6 5.h4 h5 6.Qd2 Nd7 7.f3 b5 8.a4 b4 9.Nd5 a5
10.Bc4 c6 11.Nf4 Nb6 12.Bd3 d5 13.exd5 cxd5 14.b3 Nh6 15.Nge2 Bf5 16.Bb5+ Bd7
17.Bd3 Nf5 18.Bf2 e6 19.Bxf5 exf5 20.Nd3 O-O 21.O-O Bf6 22.g3 Rc8 23.Nc5 Re8
24.Rae1 Kh7 25.Nf4 Qc7 26.Rxe8 Rxe8 27.Re1 Rxe1+ 28.Qxe1 Bc6 29.c3 bxc3 30.Qxc3 Nc8
31.Ncd3 Qb6 32.Ne5 Bxe5 33.dxe5 d4 34.Bxd4 Qb7 35.e6 fxe6 36.Nxe6 Bd5 37.Ng5+ Kg8
38.Qxa5 Qd7 39.Bb2 Bxb3 40.Qc3 Qd1+ 41.Kf2 Qc2+ 42.Qxc2 Bxc2 43.a5 Bd3 44.Ke3 Ba6
45.Kd4 Nd6 46.Kc5 Nc4 47.Bc3 f4 48.gxf4 Ne3 49.Be5 Nf5 50.Kb6 Bc4 51.a6 Nxh4
52.a7 Bd5 53.Kc5 Ba8 54.Kd6 Nxf3 55.Nxf3 Bxf3 56.Bf6  1/2-1/2

[Event "ch-VIE"]
[Site "Ho Chi Minh City VIE"]
[Date "2010.03.28"]
[Round "4"]
[White "Le Thanh Tai"]
[Black "Nguyen Sy Hung"]
[Result "0-1"]
[WhiteElo "1809"]
[BlackElo "2016"]

1.e4 g6 2.d4 Bg7 3.Nc3 d6 4.Nf3 a6 5.Be3 e6 6.Bd3 Ne7 7.Qd2 h6 8.O-O-O Nd7
9.g4 b5 10.Rhg1 Bb7 11.Ne1 c5 12.dxc5 Nxc5 13.f3 Rc8 14.Kb1 d5 15.exd5 Nxd5
16.Nxd5 Bxd5 17.Be2 Qc7 18.Bf4 Qc6 19.Nd3 Nxd3 20.Qxd3 O-O 21.Rc1 e5 22.Bd2 e4
23.Qe3 exf3 24.Bd3 Rfe8 25.Qf2 Bc4 26.Rge1 Qd5 27.Bxc4 bxc4 28.Be3 Rb8 29.c3 Qe4+
30.Ka1 Qxg4 31.h4 Qg2 32.Qxg2 fxg2 33.Ba7 Rbd8 34.Kb1 Bf6  0-1

[Event "14th Neckar-Open"]
[Site "Deizisau GER"]
[Date "2010.04.01"]
[Round "1"]
[White "Wagner,De"]
[Black "Solodovnichenko,Y"]
[Result "0-1"]
[WhiteElo "2112"]
[BlackElo "2578"]

1.e4 g6 2.d4 Bg7 3.Nc3 d6 4.f4 a6 5.Nf3 b5 6.Bd3 Nd7 7.e5 Nh6 8.O-O O-O 9.a4 b4
10.Nd5 a5 11.Ne3 Bb7 12.Ng5 e6 13.Be4 Bxe4 14.Nxe4 d5 15.Ng5 c5 16.c3 Qb6
17.h4 cxd4 18.cxd4 f6 19.Nf3 fxe5 20.fxe5 Nf5 21.Qd3 Nxd4 22.Nxd4 Nxe5 23.Qd1 Nc4
24.Nec2 b3  0-1

[Event "21st Pobeskydi Arcelor Mittal Cup"]
[Site "Frydek-Mistek CZE"]
[Date "2010.04.02"]
[Round "3"]
[White "Burianek,P"]
[Black "Jacko,V1"]
[Result "0-1"]
[WhiteElo "1883"]
[BlackElo "2137"]

1.e4 g6 2.d4 d6 3.Nc3 Bg7 4.Be3 Nf6 5.Be2 h6 6.Nf3 O-O 7.O-O c6 8.h3 b5 9.a3 a5
10.Qd2 Kh7 11.Nh2 Bb7 12.Ng4 Nxg4 13.Bxg4 Nd7 14.f4 f5 15.exf5 gxf5 16.Bf3 Qb6
17.Ne2 d5 18.Rfe1 Nf6 19.Ng3 e6 20.Nh5 Qc7 21.Nxf6+ Bxf6 22.Bf2 Rae8 23.b4 a4
24.c3 Bc8 25.Re2 Re7 26.Rae1 Rg8 27.Kh1 Qd6 28.Rg1 Reg7 29.Ree1 Bd7 30.Re2 Be8
31.Qc1 Bf7 32.Qd2 h5 33.h4 Rg3 34.Bxg3 Rxg3 35.Qe3 Bxh4 36.Rd2 Bf6 37.Kh2 h4
38.Rdd1 Bg5 39.Qe5 Bxf4 40.Qxd6 Bxd6 41.Kh1 Kg7 42.Rd3 Kf6 43.Be2 Rg7 44.Rh3 Bg3
45.Rd1 e5 46.dxe5+ Kxe5 47.Rd4 f4 48.Kg1 Be6 49.Rh1 Bf5 50.Bf3 Re7 51.Rd2 Kf6
52.Re2 Be4 53.Kf1 Bd3  0-1

[Event "21st Pobeskydi Arcelor Mittal Cup"]
[Site "Frydek-Mistek CZE"]
[Date "2010.04.03"]
[Round "6"]
[White "Tropp,L"]
[Black "Kudzma,L"]
[Result "0-1"]
[WhiteElo "1933"]
[BlackElo "2236"]

1.e4 g6 2.d4 Bg7 3.Nc3 d6 4.Nf3 Nf6 5.Be2 c6 6.O-O O-O 7.h3 Qc7 8.Bf4 Re8
9.Bd3 e5 10.dxe5 dxe5 11.Bh2 Nbd7 12.Qe2 Nh5 13.Rad1 a5 14.Qe3 Nf8 15.Ne2 Ne6
16.c3 Nhf4 17.Bxf4 Nxf4 18.Nxf4 exf4 19.Qc1 Be6 20.Bb1 a4 21.Rfe1 Ra5 22.Qd2 Rc5
23.Nd4 Bc8 24.b4 axb3 25.axb3 Rh5 26.Qd3 Rhe5 27.Qf3 R5e7 28.Rf1 Be5 29.Bc2 c5
30.Nb5 Qb6 31.c4 Qf6 32.Rd5 b6 33.Rfd1 Be6 34.R5d2 h5 35.Nd6 Rd8 36.Nb5 Red7
37.Rxd7 Rxd7 38.Rxd7 Bxd7 39.Qd3 Be6 40.Bd1 Kg7 41.Na7 Bb2 42.Nb5 Be5 43.Bf3 Kh6
44.Qd1 Qe7 45.Qd3 Qf6 46.Qd1 Qh8 47.Qd2 Kg5 48.Na7 Qa8 49.Nb5 Kf6 50.Qd1 Ke7
51.Qd2 Qa1+ 52.Qd1 Qa2 53.Be2 Qb2 54.Na7 Bd4 55.Nc6+ Kf6 56.Nxd4 cxd4 57.Qd3 Ke5
58.Bd1 Kd6 59.Qf3 Qd2 60.b4 Qxb4 61.Qxf4+ Kc6 62.e5 Qe1+ 63.Kh2 Qxd1 64.Qe4+ Kc5
65.Qb7 Qa4 66.Qe7+ Kxc4 67.Qc7+ Kb5  0-1

[Event "Doeberl Cup"]
[Site "Canberra AUS"]
[Date "2010.04.04"]
[Round "7"]
[White "Stojic,S"]
[Black "Steadman,M"]
[Result "0-1"]
[WhiteElo "2013"]
[BlackElo "2264"]

1.e4 g6 2.d4 Bg7 3.Nc3 d6 4.Nf3 a6 5.Bc4 e6 6.Bg5 Ne7 7.Qd2 h6 8.Be3 b5 9.Bd3 Bb7
10.a4 b4 11.Ne2 a5 12.c3 bxc3 13.bxc3 Nd7 14.O-O Kf8 15.h4 Nf6 16.Ng3 Qd7
17.Rfb1 Bc6 18.Qc2 Nc8 19.c4 Qe8 20.d5 Bd7 21.e5 Ng4 22.Bd4 Nxe5 23.Nxe5 dxe5
24.Bc5+ Kg8 25.h5 f5 26.dxe6 Qxe6 27.hxg6 e4 28.Nxe4 fxe4 29.Bxe4 Bc6 30.Bxc6 Qxc6
31.Qf5 Bf6 32.Bd4 Kg7 33.Bxf6+ Qxf6 34.Qd7+ Qe7 35.Qc6 Ra7 36.Rd1 Rd8 37.Rxd8 Qxd8
38.Re1 Nd6 39.c5 Nf5 40.Re5 Ne7 41.Qe4 c6 42.Re6 Qd1+ 43.Kh2 Qh5+ 44.Kg1 Nxg6
45.Qd4+ Kh7 46.Rxc6 Re7 47.Qd2 Qg4 48.Rd6 Qxa4 49.c6 Qa1+ 50.Kh2 Qe5+ 51.g3 Qc5
52.Kg2 Rf7 53.Rd7 Qxc6+  0-1

[Event "21st Pobeskydi Distep Cup"]
[Site "Frydek-Mistek CZE"]
[Date "2010.04.04"]
[Round "7"]
[White "Pecha,T"]
[Black "Vesselovsky,S"]
[Result "0-1"]
[WhiteElo "2233"]
[BlackElo "2354"]

1.e4 g6 2.d4 Bg7 3.Nc3 d6 4.Be3 a6 5.Qd2 b5 6.f3 Nd7 7.a4 b4 8.Nd1 a5 9.Bc4 Ngf6
10.Ne2 O-O 11.d5 Ne5 12.Bb3 c5 13.dxc6 Nxc6 14.Nf2 Ba6 15.Nd3 Qc7 16.Bh6 Rfd8
17.Bxg7 Kxg7 18.Ndf4 Ne5 19.Nd5 Nxd5 20.exd5 Qc5 21.Ng3 Rdc8 22.Ne4 Nc4 23.Nxc5 Nxd2
24.Ne6+ fxe6 25.Kxd2 e5 26.Rhe1 Bc4 27.Bxc4 Rxc4 28.Re3 Rac8 29.Rc1 R8c5
30.Rd3 Rd4 31.Rxd4 exd4 32.Re1 Kf6 33.Re6+ Kf7 34.Re4 Rxd5 35.Kd3 e5 36.f4 Rc5
37.fxe5 dxe5 38.Re2 Ke6 39.Ke4 Rc7 40.Rf2 Rf7  0-1

[Event "59th ch-BUL w"]
[Site "Dupnitsa BUL"]
[Date "2010.04.08"]
[Round "1"]
[White "Videnova,I"]
[Black "Yordanova,S"]
[Result "1/2-1/2"]
[WhiteElo "2258"]
[BlackElo "2140"]

1.e4 g6 2.d4 Bg7 3.Nc3 d6 4.f4 a6 5.Nf3 b5 6.Bd3 Nd7 7.e5 c5 8.Ng5 Nh6 9.Qf3 Rb8
10.e6 Nf6 11.Qc6+ Kf8 12.exf7 c4 13.Be2 Nxf7 14.Qf3 h6 15.Nxf7 Kxf7 16.O-O Bf5
17.h3 h5 18.Qf2 d5 19.Bf3 b4 20.Nd1 Ne4 21.Bxe4 Bxe4 22.c3 e6 23.Qe3 Qf6
24.Nf2 Bf5 25.Re1 Rb6 26.Qe2 Qh4 27.Be3 bxc3 28.bxc3 Rhb8 29.Bc1 Qg3 30.Qd2 Bh6
31.Nh1 Qd3 32.Qxd3 Bxd3 33.f5 Bxc1 34.fxg6+ Bxg6 35.Raxc1 Rb2 36.Rf1+ Ke7
37.Ng3 Rxa2 38.Rf2 Rxf2 39.Kxf2 Rb2+ 40.Kf3 h4 41.Nf1 Be4+ 42.Ke3 Rxg2 43.Nd2 Rg3+
44.Kf4 Bg2 45.Rg1 Bxh3 46.Rxg3 hxg3 47.Kxg3 Bf5 48.Kf2 a5 49.Ke1 e5 50.dxe5 Ke6
51.Nf3 a4 52.Kd2 Be4 53.Nd4+ Kxe5 54.Nb5 Kf4 55.Na3 Bf5 56.Nb5 Bd7 57.Na3 Ke4
58.Nc2 Be8 59.Na3 Bf7 60.Nb5 Bg6 61.Na3 Bh7 62.Nb5 Bg8 63.Na3 Bf7 64.Nb5 Bh5
65.Nd6+ Ke5 66.Nb5 Be8 67.Na3 Kd6 68.Nc2 Kc5 69.Na3 Bg6 70.Kc1 Bf5 71.Kb2 Kc6
72.Kc1 Kc5 73.Kb2 Be4 74.Kc1 Bd3 75.Kb2 Kc6 76.Kc1 Kb6 77.Kb2 Ka6 78.Kc1 Kb7
79.Kd2 Kc6 80.Kc1 Kd6 81.Kd2 Ke6 82.Nb5 Ke5 83.Na3 Ke4 84.Nb5 Kf3 85.Nd4+ Kf2
86.Nb5 Be4 87.Na3 Bg6 88.Nb5 Be8 89.Na3 Kf3 90.Nc2 Ke4 91.Na3 Ke5 92.Nc2 Kd6
93.Na3 Kc5 94.Kc1 Bg6 95.Kb2 Kc6 96.Kc1 Bh7 97.Kd2 Bd3 98.Kc1 d4 99.Kb2 dxc3+
100.Kxc3 Kc5 101.Nxc4  1/2-1/2

[Event "Sydney Int Open"]
[Site "Parramatta AUS"]
[Date "2010.04.08"]
[Round "3"]
[White "Encel,B"]
[Black "Bennett,H"]
[Result "1/2-1/2"]
[WhiteElo "1884"]
[BlackElo "2001"]

1.e4 g6 2.d4 Bg7 3.Nc3 d6 4.Nf3 a6 5.h3 b5 6.a4 b4 7.Nd5 a5 8.Bc4 e6 9.Nf4 Bb7
10.Qe2 Qe7 11.O-O Nf6 12.e5 Nd5 13.Nxd5 exd5 14.Bg5 Qe6 15.Bb5+ c6 16.Bd3 dxe5
17.Nxe5 O-O 18.Bf4 Nd7 19.Rfe1 Rfe8 20.Qd2 Nxe5 21.Bxe5 f6 22.Bc7 Qd7 23.Bb6 Ba6
24.Rxe8+ Qxe8 25.Re1 Qd7 26.Bxa6 Rxa6 27.Bc5 Bf8 28.Bxf8 Kxf8 29.Qe2 Ra7
30.Qe6 Kg7 31.Kf1 Qc7 32.g3 Rb7 33.Qe8 c5 34.dxc5 Qxc5 35.Re2 Rc7 36.Qe6 d4
37.Qe4 Qc4 38.Kg2 Qc5 39.Rd2 Rd7 40.f3 Kf7 41.f4 f5 42.Qd3 Kf8 43.Qf3 Re7
44.g4 Re4 45.g5 Qd6 46.Kg3 Qc6 47.Rxd4 Qxc2 48.Rxe4 fxe4 49.Qe3 Ke7 50.b3 Qc3
51.Kf2 Qc2+ 52.Kg3 Qd3 53.Kf2 Ke6 54.Qb6+ Ke7 55.Qc7+ Ke6 56.Qe5+ Kd7 57.Qg7+ Kd6
58.Qf8+ Kd7 59.Qf7+  1/2-1/2

[Event "Sydney Int Open"]
[Site "Parramatta AUS"]
[Date "2010.04.08"]
[Round "3"]
[White "Jackson,R AUS"]
[Black "Fernandez,Dan SIN"]
[Result "0-1"]
[WhiteElo "2081"]
[BlackElo "2299"]

1.d4 g6 2.e4 Bg7 3.Nc3 d6 4.Be3 a6 5.a4 b6 6.Be2 Bb7 7.f4 Nd7 8.Nh3 e6 9.O-O Ne7
10.Qd2 O-O 11.Rad1 Qc8 12.Bf2 Re8 13.Ng5 h6 14.Nf3 Nf6 15.e5 Ng4 16.h3 Nxf2
17.Rxf2 Rd8 18.Qe1 c5 19.Bf1 Bxf3 20.gxf3 cxd4 21.Rxd4 dxe5 22.Rxd8+ Qxd8
23.fxe5 g5 24.Rd2 Qb8 25.Qe4 Bxe5 26.Rd7 Nf5 27.Ne2 Bxb2 28.f4 Ra7 29.Rd3 b5
30.Ng3 Qb6+ 31.Kh2 Qf2+ 32.Bg2 Nxg3 33.Rxg3 Bc1 34.Rf3 Bxf4+ 35.Qxf4 Qxg2+
36.Kxg2 gxf4 37.Rxf4 Rc7  0-1

[Event "IV Open"]
[Site "La Laguna ESP"]
[Date "2010.04.09"]
[Round "6"]
[White "Febles Dominguez,A"]
[Black "Pimienta Sanchez,M"]
[Result "1-0"]
[WhiteElo "1526"]
[BlackElo "1891"]

1.e4 g6 2.Nc3 Bg7 3.d4 d6 4.Nf3 Nd7 5.Bd3 c5 6.Be3 b6 7.O-O Ngf6 8.dxc5 bxc5
9.Re1 Ng4 10.Bf4 O-O 11.Bc4 Nge5 12.Nxe5 Nxe5 13.Be2 Rb8 14.Rb1 a5 15.Na4 Nc6
16.c3 Bd7 17.b3 Na7 18.Qc1 Bxa4 19.bxa4 Rxb1 20.Qxb1 Bxc3 21.Rc1 Bg7 22.Qb7 Nc8
23.Rb1 e5 24.Bd2 f5 25.exf5 gxf5 26.Bc4+ Kh8 27.Qa6 f4 28.Bxa5 Qd7 29.Be1 e4
30.Rb7 Qf5 31.Qc6 f3 32.Qc7 Qg5 33.g3 e3 34.fxe3 Qxe3+ 35.Bf2 Qc1+ 36.Bf1 Qg5
37.a5 Bd4 38.h4 Qg6 39.Bxd4+ cxd4 40.Kh2 Rg8 41.g4 Qe4 42.Qf7 Qe5+ 43.Kh1 Rg7
44.Qxg7+ Qxg7 45.Rxg7 Kxg7 46.Bd3 d5 47.Kg1 h6 48.Kf2 Kf6 49.Kxf3 Ke5  1-0

[Event "Sydney Int Open"]
[Site "Parramatta AUS"]
[Date "2010.04.09"]
[Round "6"]
[White "Lahiri,A"]
[Black "Fernandez,Dan SIN"]
[Result "0-1"]
[WhiteElo "2368"]
[BlackElo "2299"]

1.d4 g6 2.e4 Bg7 3.Nc3 d6 4.Be3 a6 5.Nf3 b5 6.Bd3 Nd7 7.a4 b4 8.Ne2 Ngf6
9.c3 Bb7 10.Ng3 e5 11.d5 bxc3 12.bxc3 Ng4 13.Bg5 f6 14.Bd2 Nc5 15.Bc2 c6
16.c4 O-O 17.O-O cxd5 18.cxd5 a5 19.h3 Nh6 20.Be3 Ba6 21.Re1 Nf7 22.Qd2 Qc7
23.Rec1 Rfb8 24.Ne1 Qd8 25.Ra3 Rb4 26.f3 Qf8 27.Nd3 Bxd3 28.Bxc5 dxc5 29.Qxd3 c4
30.Qf1 Bh6 31.Rca1 Qc5+ 32.Qf2 Bf8 33.Qxc5 Bxc5+ 34.Kf1 Nd6 35.Ke2 Rab8 36.R3a2 Kf7
37.Kd2 Bd4 38.Rc1 Ke7 39.Ne2 Kd7 40.Nc3 Rb3 41.Bd1 f5 42.exf5 gxf5 43.g4 f4
44.Rcc2 e4 45.Nxe4 Nxe4+ 46.fxe4 Rd3+  0-1

[Event "Sydney Int Open"]
[Site "Parramatta AUS"]
[Date "2010.04.09"]
[Round "6"]
[White "Yuan,Y2"]
[Black "Shaw,Robi"]
[Result "0-1"]
[WhiteElo "2151"]
[BlackElo "1879"]

1.e4 g6 2.d4 Bg7 3.Nc3 d6 4.Nf3 a6 5.Be3 b5 6.Qd2 Bb7 7.Bd3 Nd7 8.O-O-O c5
9.dxc5 Nxc5 10.Kb1 Nxd3 11.Qxd3 Rc8 12.Bd4 Bxd4 13.Qxd4 Nf6 14.Rhe1 O-O 15.e5 Bxf3
16.exf6 e5 17.Qh4 Bxd1 18.Rxd1 Rc4 19.g4 h5 20.Rg1 d5 21.h3 Rf4 22.Qg3 h4
23.Qe3 Re8 24.Qd3 Rxf6 25.Rd1 Rf4 26.Qe2 Rd4 27.Rg1 Qg5 28.Qf3 e4 29.Qg2 Rd2
30.Qf1 d4 31.Ne2 d3 32.cxd3 exd3 33.Nc3 b4 34.f4 Qc5 35.Na4 Qc2+ 36.Ka1 Qxa4
37.f5 Qc2  0-1

[Event "Sydney Int Open"]
[Site "Parramatta AUS"]
[Date "2010.04.09"]
[Round "6"]
[White "Yu,Sal"]
[Black "Jackson,R AUS"]
[Result "1/2-1/2"]
[WhiteElo "1933"]
[BlackElo "2081"]

1.e4 g6 2.d4 Bg7 3.Nc3 d6 4.Be3 a6 5.Qd2 b5 6.f3 h5 7.Nge2 Nc6 8.g3 e5 9.d5 Nce7
10.f4 f5 11.Bg2 b4 12.Nd1 Rb8 13.Nf2 Nf6 14.c4 Nxe4 15.Nxe4 fxe4 16.Bxe4 Bf5
17.Bg2 O-O 18.O-O Bg4 19.fxe5 Bxe2 20.Qxe2 Bxe5 21.Bg5 Qd7 22.Bxe7  1/2-1/2

[Event "Sydney Int Open"]
[Site "Parramatta AUS"]
[Date "2010.04.10"]
[Round "8"]
[White "Solomon,SJ"]
[Black "Shaw,Robi"]
[Result "1-0"]
[WhiteElo "2426"]
[BlackElo "1879"]

1.e4 g6 2.d4 Bg7 3.Nc3 d6 4.Be3 a6 5.Qd2 b5 6.O-O-O Bb7 7.f3 Nd7 8.h4 h5
9.Nh3 Ngf6 10.Ng5 e5 11.a3 Qe7 12.d5 O-O 13.Kb1 Rfc8 14.Na2 Nf8 15.c4 bxc4
16.Bxc4 N6d7 17.Nb4 Nb6 18.Ba2 f6 19.Nc6 Qe8 20.Na5 Rab8 21.Ne6 Nxe6 22.dxe6 Kh7
23.Bxb6 cxb6 24.Nc4 Bf8 25.Nxd6 Bxd6 26.Qxd6 Rd8 27.Qc7+ Kh6 28.Rxd8 Qxd8
29.Qc1+ Kg7 30.Rd1  1-0

[Event "IV Open"]
[Site "La Laguna ESP"]
[Date "2010.04.11"]
[Round "9"]
[White "Ulibin,M"]
[Black "Todorcevic,M"]
[Result "1-0"]
[WhiteElo "2516"]
[BlackElo "2437"]

1.e4 g6 2.d4 Bg7 3.Nc3 d6 4.Bg5 a6 5.a4 Nd7 6.Qd2 c5 7.d5 Ngf6 8.f3 O-O 9.Nh3 Qa5
10.Be2 b5 11.O-O b4 12.Nd1 Qc7 13.a5 Re8 14.Nhf2 Nf8 15.c3 bxc3 16.bxc3 e6
17.Ne3 h5 18.Nc4 N8h7 19.Bf4 e5 20.Nb6 Ra7 21.Nxc8 Rxc8 22.Be3 Nd7 23.Bc4 Bf6
24.Ra2 Qd8 25.g3 Bg5 26.f4 exf4 27.gxf4 Bh6 28.Kh1 Kh8 29.Rg1 Qf6 30.Be2 Re8
31.Rb2 Qh4 32.Bf3 Qf6 33.Bg2 Bg7 34.Rb3 Qd8 35.c4 Nhf6 36.Rgb1 Ng4 37.Nxg4 hxg4
38.Bf2 Nf6 39.Re1 Nh5 40.h3 gxh3 41.Rxh3 Rb7 42.e5 dxe5 43.f5 e4 44.fxg6 fxg6
45.Bxc5 Rb2 46.Qe3 Kg8 47.Rg1 Nf6 48.Qg5 e3 49.Bxe3 Rb3 50.Bd4 Rxh3+ 51.Bxh3  1-0

[Event "XXVIII Open A"]
[Site "Metz FRA"]
[Date "2010.04.12"]
[Round "4"]
[White "Drenchev,P"]
[Black "Abbasov,F"]
[Result "1/2-1/2"]
[WhiteElo "2486"]
[BlackElo "2549"]

1.e4 g6 2.d4 Bg7 3.Nc3 d6 4.g3 Nf6 5.Bg2 O-O 6.Nge2 Nbd7 7.O-O Rb8 8.a4 c5
9.h3 b6 10.Bg5 a6 11.Re1 Bb7 12.Rb1 Ba8 13.Qd2 Re8 14.b3 cxd4 15.Nxd4 e6
16.Nde2 Qc7 17.Rbd1 Bf8 18.Bf4 Ne5 19.Bg5 Ned7 20.Bf4 e5 21.Bg5 b5 22.axb5 axb5
23.Ra1 b4 24.Nd5 Nxd5 25.exd5 Rb5 26.Ra4 h6 27.Bxh6 Bxh6 28.Qxh6 Qxc2 29.Nd4 Qc3
30.Re4 Rc5 31.Ne2 Qe1+ 32.Bf1 Nf6 33.Rh4 Nh5 34.Rxh5 gxh5 35.Qg5+ Kf8 36.Qh6+ Kg8
37.Qg5+ Kf8 38.Ra7 Bxd5 39.Qxh5 Kg7 40.Qg5+ Kf8 41.Qf6 Kg8 42.Qg5+  1/2-1/2

[Event "XXVIII Open A"]
[Site "Metz FRA"]
[Date "2010.04.13"]
[Round "6"]
[White "Sokolov,And1"]
[Black "Abbasov,F"]
[Result "1-0"]
[WhiteElo "2563"]
[BlackElo "2549"]

1.e4 g6 2.d4 Bg7 3.Nc3 d6 4.Be3 a6 5.Qd2 Nd7 6.Nf3 b6 7.d5 e5 8.dxe6 fxe6
9.Bg5 Bf6 10.h4 h6 11.Be3 Qe7 12.O-O-O Bb7 13.Nd4 O-O-O 14.f3 c5 15.Nb3 Ne5
16.Qf2 Qc7 17.Be2 Nc6 18.Qg3 Rh7 19.Qh3 Qd7 20.Na4 Kc7 21.Nxb6 Kxb6 22.Nxc5 dxc5
23.Rxd7 Rhxd7 24.Qxe6 Bd4 25.Bxd4 cxd4 26.Qxg6 Rd6 27.Qf7 Nf6 28.g4 Ne5 29.Qb3+ Ka7
30.Rd1 Ng6 31.Qa3 Ka8 32.Qa5 Nxh4 33.e5 Rd5 34.Qb6 Ne8 35.Bxa6 R8d7 36.Rd3  1-0

[Event "UKM KL Masters"]
[Site "Kuala Lumpur INA"]
[Date "2010.04.15"]
[Round "3"]
[White "Ankit,R"]
[Black "Fernandez,Dan SIN"]
[Result "1/2-1/2"]
[WhiteElo "2334"]
[BlackElo "2299"]

1.e4 g6 2.d4 Bg7 3.Nc3 d6 4.Be3 a6 5.a4 b6 6.Nf3 Nd7 7.Bd3 Bb7 8.Qd2 c5 9.h3 Qc7
10.d5 h6 11.O-O g5 12.Rae1 Ngf6 13.b3 Nh5 14.Ne2 Nf8 15.g4 Nf6 16.Ng3 Ng6
17.Nf5 Bf8 18.c4 Nd7 19.Be2 a5 20.Bd1 Rg8 21.Kh1 e6 22.Ng3 Bg7 23.Nh5 Nf6
24.Nxg7+ Rxg7 25.Qb2 e5 26.Qc2 Ng8 27.Rg1 N6e7 28.Rg2 f6 29.h4  1/2-1/2

[Event "TCh-ISR"]
[Site "Israel ISR"]
[Date "2010.04.16"]
[Round "5"]
[White "Karasik,E"]
[Black "Finkel,A"]
[Result "1-0"]
[WhiteElo "2255"]
[BlackElo "2476"]

1.e4 g6 2.d4 Bg7 3.Nc3 d6 4.Bg5 Nc6 5.d5 Ne5 6.f4 Nd7 7.Nf3 c6 8.Qd2 cxd5
9.exd5 Ngf6 10.O-O-O Nc5 11.Bb5+ Bd7 12.Bxd7+ Qxd7 13.Rhe1 O-O 14.Nd4 Na4
15.Bxf6 Bxf6 16.Ne4 Bg7 17.c3 Nb6 18.Nc2 Rfc8 19.Qe2 Nc4 20.b3 Nb6 21.c4 a5
22.Ng5 h6 23.Nf3 Qf5 24.Qe4 Qf6 25.Qd4 Nd7 26.Qxf6 Bxf6 27.a4 Nc5 28.Re3 g5
29.fxg5 hxg5 30.h3 Kg7 31.Ncd4 Rg8 32.Kc2 Kf8 33.Nh2 Ke8 34.Nf5 Be5 35.Ng4 f6
36.Rf1 Kd7 37.Rd1 Ra6 38.Nd4 Raa8 39.Nf5 Rgf8 40.Rf1 Ra6 41.Nf2 Rb6 42.Nd3 e6
43.Nxc5+ dxc5 44.dxe6+ Rxe6 45.Rd3+ Kc6 46.Re1 Ree8 47.Rde3 Rh8 48.Re4 Rh7
49.Ne3 Rd8 50.Nd5 Rh4 51.R1e2 Rxe4 52.Rxe4 Kd6 53.Re2 Rh8 54.Ne3 Rh7 55.Kd3 Ke6
56.Nd5 f5 57.Kc2 Rg7 58.Ne3 g4 59.hxg4 fxg4 60.Nd5 Kd6 61.Ne3 Rg8 62.Kd3 g3
63.Ke4 Rf8 64.Nd5 Rf1 65.Rd2 Bd4 66.Nf4 Rf2 67.Rd3 Rf1 68.Rxg3 Re1+ 69.Kf5 Re5+
70.Kg4 Re1 71.Rh3 Re4 72.Rh6+ Kd7 73.Rh7+ Kc6 74.Rh3 Kd6 75.Rh6+ Kd7 76.Rb6 Kc7
77.Re6 Be5 78.g3 Re3 79.Nd5+ Kd7 80.Re7+ Kd6 81.Nxe3 Kxe7 82.Kf3 Ke6 83.g4 Bf6
84.Ke4 Bg5 85.Nd5 Bc1 86.Nf4+ Kd6 87.Kf5  1-0

[Event "6th TCh-CHN"]
[Site "Ningbo CHN"]
[Date "2010.04.17"]
[Round "2"]
[White "Hou Yifan"]
[Black "Wang Xiaohui"]
[Result "1-0"]
[WhiteElo "2570"]
[BlackElo "2238"]

1.e4 d6 2.d4 g6 3.Nc3 Bg7 4.Be3 c6 5.Qd2 Nd7 6.Nf3 Qa5 7.Bd3 Ngf6 8.Bh6 O-O
9.O-O-O e5 10.Bxg7 Kxg7 11.g4 Nxg4 12.Rhg1 Ndf6 13.h3 exd4 14.Nxd4 Qb4 15.hxg4 Qxd4
16.f3 h6 17.Ne2 Qc5 18.g5 Nh7 19.gxh6+ Kh8 20.Nf4 g5 21.Nh5 Qe5 22.f4 gxf4
23.Qg2 Rd8 24.Qg7+ Qxg7 25.hxg7+ Kg8 26.e5 f5 27.exf6 Be6 28.f7+ Bxf7 29.Bxh7+ Kxh7
30.Nf6+ Kh6 31.Rd2 Bg6 32.Rdg2 Kxg7 33.Rxg6+ Kf7 34.Ne4 Ke7 35.Re1 d5 36.Nd6+ Kd7
37.Nxb7 Rg8 38.Nc5+ Kc7 39.Ne6+  1-0

[Event "Red River Shoot-Out #8"]
[Site "Davis USA"]
[Date "2010.04.18"]
[Round "2"]
[White "Berry,Ja"]
[Black "O'Neill,J"]
[Result "1/2-1/2"]
[WhiteElo "2033"]
[BlackElo "1867"]

1.e4 g6 2.d4 d6 3.Nc3 Bg7 4.Nge2 a6 5.Ng3 Nd7 6.Be3 c5 7.Be2 cxd4 8.Bxd4 Ngf6
9.Qd2 O-O 10.O-O-O b5 11.f4 Bb7 12.Kb1 b4 13.Nd5 Bxd5 14.exd5 Qa5 15.Bf3 Rfb8
16.Rhe1 Qd8 17.h4 h5 18.f5 Nb6 19.fxg6 fxg6 20.Qe3 Rb7 21.Bxb6 Qxb6 22.Qxb6 Rxb6
23.Rxe7 Re8 24.Rxe8+ Nxe8 25.Ne4 Be5 26.Re1 Nc7 27.g4 hxg4 28.Bxg4 Kg7 29.Be6 Rb8
30.Rf1 Rf8 31.Rxf8 Kxf8 32.c4 bxc3 33.bxc3 Nxe6 34.dxe6 Ke7 35.Kc2 Kxe6 36.Kd3 Kf5
37.c4 Kg4 38.c5 dxc5 39.Nxc5 Kxh4 40.Nxa6 Bd6 41.Ke2 Kg3 42.a3 Bxa3 43.Nc7 Bb2
44.Ne6 Kg4 45.Nf8  1/2-1/2

[Event "UKM KL Masters"]
[Site "Kuala Lumpur INA"]
[Date "2010.04.19"]
[Round "9"]
[White "Thakur,Ak"]
[Black "Mohamed,Abdul Haq"]
[Result "1-0"]
[WhiteElo "2355"]
[BlackElo "2057"]

1.e4 g6 2.d4 Bg7 3.Nc3 d6 4.Nf3 Nf6 5.Be3 O-O 6.h3 c6 7.Bd3 b5 8.Qd2 Re8
9.O-O Bb7 10.Rad1 a6 11.Bh6 Bh8 12.e5 Nfd7 13.e6 fxe6 14.Ng5 Bf6 15.Bxg6 Nf8
16.Bxf8 Bxg5 17.Qxg5 Rxf8 18.Qh6 hxg6 19.Qxg6+ Kh8 20.Rd3 Rf6 21.Qh5+ Kg7
22.Rg3+ Kf8 23.Qh8+  1-0

[Event "9th Open"]
[Site "Malakoff FRA"]
[Date "2010.04.21"]
[Round "6"]
[White "David,Alb"]
[Black "Shirazi,K"]
[Result "1-0"]
[WhiteElo "2616"]
[BlackElo "2457"]

1.e4 g6 2.d4 Bg7 3.Nc3 d6 4.f4 Nd7 5.Nf3 e5 6.dxe5 dxe5 7.fxe5 c6 8.Bc4 Qa5
9.Rf1 Nxe5 10.Nxe5 Bxe5 11.Bxf7+ Ke7 12.Bd2 Qc5 13.Bxg8 Rxg8 14.Bg5+ Ke6
15.Qg4+ Kd6 16.O-O-O+ Kc7 17.Rf7+ Kb6 18.Na4+ Ka5 19.Nxc5 Bxg4 20.Rxb7 Bc3
21.a3  1-0

[Event "Open"]
[Site "Bar MNE"]
[Date "2010.04.22"]
[Round "7"]
[White "Draskovic,L"]
[Black "Veleski,R"]
[Result "1/2-1/2"]
[WhiteElo "2116"]
[BlackElo "2278"]

1.e4 d6 2.d4 g6 3.Nc3 Bg7 4.Be3 Nc6 5.h3 e5 6.Nf3 exd4 7.Nxd4 Nge7 8.Be2 O-O
9.O-O f5 10.Nxc6 Nxc6 11.exf5 Bxf5 12.Bg4 Qd7 13.Bxf5 Rxf5 14.Qd2 Raf8 15.Rad1 Qf7
16.b3 Be5 17.Nd5 Bg7 18.c4 Re8 19.f4 Qd7 20.Rfe1 a5 21.Bf2  1/2-1/2

[Event "9th Open"]
[Site "Malakoff FRA"]
[Date "2010.04.22"]
[Round "7"]
[White "Calistri,T"]
[Black "Abbasov,F"]
[Result "1/2-1/2"]
[WhiteElo "2400"]
[BlackElo "2549"]

1.e4 g6 2.d4 Bg7 3.Nc3 d6 4.f4 Nf6 5.Nf3 O-O 6.Bd3 Na6 7.O-O c5 8.d5 Nc7
9.a4 Rb8 10.Bc4 a6 11.a5 Nd7 12.Na4 Nb5 13.Qe1 Nd4 14.Nxd4 cxd4 15.Bd2 Qc7
16.b3 Nc5 17.Nxc5 Qxc5 18.Rd1 b5 19.Bb4 Qc7 20.Bd3 f5 21.exf5 Bxf5 22.Bxf5 Rxf5
23.Qe6+ Kh8 24.Rde1 Qxc2 25.Qxe7 d3 26.Qxd6 Rg8 27.Rb1 Bf8 28.Qb6 Rxd5 29.Bxf8 Rxf8
30.Qxa6 d2 31.Rbd1 Qxb3 32.Qe6 Qc4 33.Qe3 Rfd8 34.a6 b4 35.a7 Qc7 36.a8=Q Rxa8
37.Rxd2 Rxd2 38.Qxd2 Qc5+ 39.Kh1 Qc3 40.Qd5 Re8 41.h3 b3 42.Rf3 Qc1+ 43.Kh2 b2
44.Qd4+ Kg8 45.Qd5+ Kh8 46.Qd4+  1/2-1/2

[Event "Venka & Antonia Ivanova Mem"]
[Site "Sofia BUL"]
[Date "2010.04.22"]
[Round "3"]
[White "Ljangov,P"]
[Black "Kosturski,I"]
[Result "1/2-1/2"]
[WhiteElo "2110"]
[BlackElo "1790"]

1.e4 g6 2.d4 Bg7 3.Nc3 d6 4.Nge2 Nc6 5.g3 e5 6.dxe5 Nxe5 7.Bg2 c6 8.a4 Ne7
9.f4 Ng4 10.h3 Nh6 11.Be3 f5 12.Bd4 Bxd4 13.Qxd4 O-O 14.Rd1 Nf7 15.O-O Qb6
16.b3 Be6 17.Qxb6 axb6 18.Nd4 Bd7 19.Rfe1 Rad8 20.Rd2 Bc8 21.Rde2 fxe4 22.Nxe4 Nf5
23.Nxf5 Bxf5 24.Ng5 Nxg5 25.fxg5 Bd7 26.Rd2 d5 27.Re7 Rf7 28.Rxf7 Kxf7 29.Rd4 Ke7
30.Rb4 b5 31.axb5 c5 32.Ra4 Bxb5 33.Ra5 Bc6 34.Rxc5 Kd6 35.Rc3 d4 36.Rc4 Kc7
37.h4 d3 38.cxd3 Rxd3 39.Bxc6 bxc6 40.b4 Rxg3+ 41.Kf2 Rb3 42.Rf4 Kb6 43.Rf7 Rxb4
44.Rxh7 c5 45.Rh6 Kb5 46.Ke3 Ka4 47.Rxg6 Rxh4 48.Kd3 c4+ 49.Kc3 Kb5 50.Re6 Rh3+
51.Kd2 Rg3 52.g6 Kc5 53.Rf6 Kd4 54.Rd6+ Ke5 55.Rc6 Kd4 56.Rd6+ Kc5 57.Rf6 Kd4
58.Rd6+ Ke5 59.Rc6 Kd4  1/2-1/2

[Event "TCh-SUI 2010"]
[Site "Switzerland SUI"]
[Date "2010.04.25"]
[Round "3.5"]
[White "Brendel,O"]
[Black "Ballmann,M"]
[Result "0-1"]
[WhiteElo "2385"]
[BlackElo "2389"]

1.e4 g6 2.d4 Bg7 3.Nc3 d6 4.f4 a6 5.Nf3 b5 6.Bd3 Bb7 7.O-O Nd7 8.e5 e6 9.Ng5 Ne7
10.Qg4 Nf8 11.Bd2 h6 12.Nf3 dxe5 13.dxe5 c5 14.Ne4 Nf5 15.Nxc5 Qb6 16.b4 Nd7
17.Bxf5 exf5 18.Qh4 Nxc5 19.Be3 Bf8 20.Kh1 Be7 21.Bxc5 Qxc5 22.bxc5 Bxh4
23.Nxh4 Rc8 24.a4 Rxc5 25.axb5 axb5 26.e6 fxe6 27.Ra7 Rh7 28.Kg1 g5 29.fxg5 hxg5
30.Nf3 Rxc2 31.Rf2 Rc1+ 32.Rf1 Rxf1+ 33.Kxf1 g4  0-1